| 000 | 00572nam a2200121Ia 4500 | ||
|---|---|---|---|
| 008 | 200911s9999 xx 000 0 und d | ||
| 020 | _a978-1-68094-677-2 | ||
| 245 |
_cEdited by: Aleksandar Mratinkovic , Dan Piestun , Felecia Killings , Sandra El Hajj , Hazem Shawky Fouda , Fozia Parveen , Igor Krunic , Jovan Pehcevski , Tanjina Nur , Stephen , Michelle.-- _aIllustrated handbook of food and beverages management / |
||
| 260 |
_aNew York : _b3G E-Learning _c2017 |
||
| 300 |
_a355 pages : _bcolor illustration ; _c26 cm. |
||
| 650 | _aBeverages. | ||
| 650 | _aFood services. | ||
| 999 |
_c364201 _d364201 |
||